The genetical analysis of quantitative traits (Record no. 42209)

MARC details
000 -LEADER
fixed length control field 00430nam a2200157Ia 4500
020 ## - INTERNATIONAL STANDARD BOOK NUMBER
ISBN 0412609800
082 ## - DEWEY DECIMAL CLASSIFICATION NUMBER
Classification number 575:57.087.1
Item number KEA
100 ## - MAIN ENTRY--AUTHOR NAME
Personal name Kearsey, Michael J
245 #4 - TITLE STATEMENT
Title The genetical analysis of quantitative traits
260 ## - PUBLICATION, DISTRIBUTION, ETC. (IMPRINT)
Place of publication London
Name of publisher Chapman & Hall
Year of publication 1996
650 ## - SUBJECT ADDED ENTRY--TOPICAL TERM
Topical Term Genetic marketing
650 ## - SUBJECT ADDED ENTRY--TOPICAL TERM
Topical Term GXE Interactions
700 ## - ADDED ENTRY--PERSONAL NAME
Personal name Pooni, Harpal S
942 ## - ADDED ENTRY ELEMENTS (KOHA)
Koha item type Books
Holdings
Withdrawn status Lost status Damaged status Not for loan Home library Current library Date acquired Cost, normal purchase price Full call number Accession Number Koha item type
        RRII Library RRII Library 16/12/2021 27.50 575:57.087.1 KEA 22485 Books